000 00281nam a22001217a 4500
008 171214b xxu||||| |||| 00| 0 eng d
041 _aeng
080 _a32
100 _a19
101 _aPOL
245 _aTHE POLITICAL WRITINGS OF THOMAS JEFFERSON
_cDUMBAULD,E
942 _2udc
_cBK
999 _c38917
_d38917